|
|
|
|
| LEADER |
00959nam a2200265 a 4500 |
| 001 |
1390701 |
| 008 |
090825s1982 nyua 001 0 eng d |
| 010 |
|
|
|a 82084174
|
| 040 |
|
|
|a DLC
|c DLC
|d DLC
|d BD-DhAAL
|
| 082 |
0 |
0 |
|a 512/.13
|2 19
|
| 999 |
|
|
|c 3758
|d 3758
|
| 999 |
|
|
|c 3758
|
| 100 |
1 |
|
|a Miller, Charles D.
|9 19793
|
| 245 |
0 |
0 |
|a Algebra and trigonometry /
|c Charles D. Miller and David I. Schneider
|
| 250 |
|
|
|a 6th ed.
|
| 260 |
|
|
|a New York :
|b Harcourt Brace Jovanovich,
|c c1982.
|
| 300 |
|
|
|a 654 p. :
|b ill. (some col.) ;
|c 23cm.
|
| 504 |
|
|
|a Includes index.
|
| 541 |
1 |
|
|e 00011755
|
| 650 |
|
0 |
|a Algebra.
|9 19794
|
| 650 |
|
0 |
|a Trigonometry.
|9 19795
|
| 700 |
1 |
|
|a Schneider, David I.
|9 19796
|
| 852 |
4 |
|
|a Ayesha Abed Library
|j General Shelf.
|
| 942 |
|
|
|2 ddc
|c BK
|
| 952 |
|
|
|0 0
|1 4
|2 ddc
|4 1
|6 512_130000000000000_MIL
|7 0
|9 3409
|a BRACUL
|b BRACUL
|c GEN
|d 2009-09-03
|g 0.00
|l 0
|o 512.13 MIL
|p 3010011755
|r 2009-09-03
|t 1
|w 2009-09-03
|y BK
|x No price found in the accession register.
|